000 02004cam a2200241 4500500
005 20260405005126.0
041 _afre
042 _adc
100 1 0 _aPeretti-Watel, Patrick
_eauthor
700 1 0 _aVergélys, Chantal
_eauthor
700 1 0 _aHammer, Béatrice
_eauthor
245 0 0 _aElectromagnetic Threats. Lay Risk Perceptions Related to Four Technological Devices Emitting Electromagnetic Fields
260 _c2014.
500 _a3
520 _aThanks to data from the French Environmental Barometer EDF-R&D 2004 (national representative sample of French aged over 15), this paper investigated lay risk perceptions related to exposure to electromagnetic fields (from an electric power-line, a TV, a cellular phone or micro-wave oven). Answers to an opened-ended question suggested that many people worry about such exposure: it may interfere with natural electricity circulating in the human body, disturb the nervous system and cause cancer. These answers revealed a conception of human body, health and disease, and participants referred to various kinds of arguments, from expert knowledge to personal intuition. Statistical analyses showed that risk perceptions related to these four devices were strongly correlated with each other and shared common predictors. These results suggest that these risk perceptions are built within the same perceptive frame. One should not consider them as “false beliefs”: they are based on consistent conceptions of the body, health and disease, they are fuelled by the contemporary levelling of knowledge, and they reflect the difficulties experienced by many people living in a changing world.
690 _aelectromagnetic fields
690 _aFrance
690 _ahealth
690 _arisk perception
690 _asociology
786 0 _nNatures Sciences Sociétés | 21 | 3 | 2014-01-24 | p. 282-292 | 1240-1307
856 4 1 _uhttps://stm.cairn.info/journal-natures-sciences-societes-2013-3-page-282?lang=en&redirect-ssocas=7080
999 _c2081215
_d2081215